| 000 | 02862cam a22004454i 4500 | ||
|---|---|---|---|
| 003 | PE-LiUPU | ||
| 005 | 20250731183440.0 | ||
| 008 | 150706s2008 r 000 0 d | ||
| 020 | _a9788437625218 | ||
| 035 | _a(Sirsi) i9788437625218 | ||
| 040 |
_aPE-LiUPU _bspa _cPE-LiUPU _erda |
||
| 049 | _aPRUA | ||
| 082 | 0 | 4 |
_a709.32 _bS61 _221 |
| 100 | 1 |
_aSmith, William Stevenson, _eautor. |
|
| 245 | 1 | 0 |
_aArte y arquitectura del antiguo Egipto / _cW. Stevenson Smith ; revisado y ampliado por William Kelly Simpson ; traducción de Carmen Martínez Gimeno. |
| 250 | _aSegunda edición. | ||
| 264 | 1 |
_aMadrid : _bCátedra, _c[2008]. |
|
| 300 |
_a482 páginas : _bilustraciones ; _c21 cm. |
||
| 336 |
_atext _2rdacontent |
||
| 337 |
_aunmediated _2rdamedia |
||
| 338 |
_avolume _2rdacarrier |
||
| 490 | 0 | _a(Manuales arte Cátedra) | |
| 500 | _aTítulo original: The art and architecture of ancient Egypt. | ||
| 504 | _aIncluye bibliografía. | ||
| 505 | 0 | _aCronología -- Mapa de egipto -- Introducción -- Los periodos prehistóricos y protodinástico -- Egipto predinástico (4000-3200 a.c.) -- La I y II dinastías (3200-2780 a.C.) -- El reino antiguo -- La III dinastía (2780-2680 a.C.) -- La IV dinastía (2680-2565 a.C.) -- La V dinastía (2565-2420 a.C.) -- La VI dinastía (2420-2258 a.C.) -- Ascensión y derrumbamiento del reino medio -- El Primer Periodo Intermedio: VII-X dinastías (2258-2052 a.C.) -- La XI dinastía (2134- 1991 a.C.) -- La XII dinastía (1991-1786 a.C.) -- Las artes menores y las relaciones exteriores del Reino Medio -- El Segundo Periodo Intermedio: XIII-XVII dinastías (1786-1570 a.C.) -- El reino nuevo -- Los comienzos de la XVIII dinastía: Amosis- Tutmosis III (1570-1450 a.C.) -- La culminación de la XVIII dinastía: Amenhotep I1-Amenhotep 1JI (1450-1372 a.C.) -- El palacio de Amenhotep III y la arquitectura doméstica del Reino Nuevo -- El cambio a Amarna -- El periodo de Amarna (1372-1350 a.C.) -- El periodo después de Amarna (1350-1374 a.C.) -- El periodo ramésida: XIX y XX dinastías (1314-1085 a.C.) -- Los periodos tardíos -- El periodo de declive: XXI-XXII dinastías (1085-730 a.C.) -- El renacimiento cusita y saíta y el fin del Egipto dinástico (730-332 a.C.). | |
| 526 | _aP158 | ||
| 526 | _aP146 | ||
| 526 | _aP17 | ||
| 526 | _aP12 | ||
| 526 | _aP06 | ||
| 650 | 1 | 4 |
_aArte egipcio _vHistoria. |
| 650 | 2 | 4 |
_aArquitectura egipcia _vHistoria. |
| 650 | 2 | 4 |
_aArte egipcio _yEdad antigua. |
| 700 | 1 |
_aMartínez Gimeno, Carmen, _etr. |
|
| 700 | 1 |
_aSimpson, William Kelly, _erev. |
|
| 942 |
_2ddc _cBOOK |
||
| 949 |
_a709.32 S61 _wDEWEY _c1 _i67545 _lCCODEBUL1 _mBUL _p38.00 _r0 _sY _tBOOK _u2015-7-6 _xINGENIERIA _o.STAFF. Colección General |
||
| 980 |
_81 _gALBERTO SANCHEZ Responsable de Automatización |
||
| 999 |
_c55173 _d55173 |
||